Catálogo
 En Linea

El materialismo histórico / (Registro nro. 35370)

Detalles MARC
000 -CABECERA
campo de control de longitud fija 00710nam a2200181 a 4500
001 - NÚMERO DE CONTROL
campo de control 000035879
005 - FECHA Y HORA DE LA ÚLTIMA TRANSACCIÓN
campo de control 20200930074704.0
008 - DATOS DE LONGITUD FIJA--INFORMACIÓN GENERAL
campo de control de longitud fija 111115s1957 mx 000 0 spa d
040 ## - FUENTE DE LA CATALOGACIÓN
Centro catalogador/agencia de origen DO-SdBNP
Lengua de catalogación spa
Centro/agencia transcriptor BNPHU
082 ## - NÚMERO DE LA CLASIFICACIÓN DECIMAL DEWEY
Número de clasificación xxx
Número de documento/Ítem K82m
100 1# - ENTRADA PRINCIPAL--NOMBRE DE PERSONA
Nombre de persona Konstantinov, F. V.
9 (RLIN) 47152
245 13 - MENCIÓN DE TÍTULO
Título El materialismo histórico /
Mención de responsabilidad, etc. F. V. Konstantinov ; traducción directa del ruso Wenceslao Roces y Adolfo Sánchez Vázquez.
260 ## - PUBLICACIÓN, DISTRIBUCIÓN, ETC.
Lugar de publicación, distribución, etc. México :
Nombre del editor, distribuidor, etc. Grijalbo
-- Academia de Ciencias de la U.R.S.S.,
Fecha de publicación, distribución, etc. 1957.
300 ## - DESCRIPCIÓN FÍSICA
Extensión xii, 446 p. ;
Dimensiones 22 cm.
590 ## - NOTA LOCAL (RLIN)
Nota local Perteneció a la biblioteca personal de Juan Isidro Jimenes Grullón.
700 1# - PUNTO DE ACCESO ADICIONAL--NOMBRE DE PERSONA
Nombre de persona Roces, Wenceslao,
Término indicativo de función/relación tr.
9 (RLIN) 31367
700 1# - PUNTO DE ACCESO ADICIONAL--NOMBRE DE PERSONA
Nombre de persona Sánchez Vázquez, Adolfo,
Término indicativo de función/relación tr.
9 (RLIN) 5417
Existencias
Estado de retiro Estado de pérdida Restricciones de uso No para préstamo Código de colección Localización permanente Ubicación/localización actual Ubicación en estantería Fecha de adquisición Número de inventario Total de préstamos Signatura topográfica completa Código de barras Fecha visto por última vez Precio válido a partir de Tipo de ítem Koha Nota pública
      Excluido de préstamo Raros y valiosos General General En catalogación 15.11.2011 LF1   xxx K82m 35879-10 25.06.2020 25.06.2020 No se presta Perteneció a la biblioteca personal de Juan Isidro Jimenes- Grullón

Con tecnología Koha